000 00306nam a22001337a 4500
008 170201b xxu||||| |||| 00| 0 eng d
020 _a071670286
041 _aeng
080 _a61
100 _a3
101 _aSHM
245 _aTHE DNA MOLECULE STRUCURE AND PROPERTIES
_cFREILDER DAVID
942 _2udc
_cBK
999 _c4178
_d4178